Kraje według jednej podpowiedzi - Statystyki

Ogólne statystyki
  • Ten quiz został rozwiązany 193 razy
  • Średni wynik to 12 z 15
Statystyki odpowiedzi
Podpowiedź Odpowiedź % Poprawnych
Największy Kraj Rosja
100%
Kraj z którym graniczy 14 innych państw Rosja
100%
Kraj na literę "Ł" Łotwa
96%
Najmniejszy Kraj Watykan
95%
Kraj który jest położony w Europie i Ameryce Płd. Francja
89%
Kraj z największą gospodarką USA
89%
Kraj z największą gospodarką w Unii Europejskiej Niemcy
88%
Drugi największy kraj Europy Francja
85%
Kraj przez który przepływa rzeka Nil Egipt
83%
Kraj Europejski który nie graniczy z żadnym Państwem Islandia
81%
Kraj który od niedawna jest krajem zależnym od Serbii Kosowo
81%
Kraj Azjatycki który należy do NATO Turcja
78%
Największy kraj Płd. Ameryki bez dostępu do oceanu Boliwia
73%
Kraj najrzadziej zaludniony Mongolia
53%
Kraj najgęściej zaludniony Monako
48%
Nie znaleziono quizów pasujących do podanych kryteriów
Rozkład punktacji
Procent ludzi z każdym wynikiem
Percentyl według liczby udzielonych odpowiedzi
Twoja historia wyników
Nie rozwiązałeś tego quizu